| 000 | 00648nam a22002177a 4500 | ||
|---|---|---|---|
| 003 | OSt | ||
| 008 | 260306b2013 |||||||| |||| 00| 0 eng d | ||
| 020 | _a9788131785058 | ||
| 082 |
_a658.802 _bPAN-M |
||
| 100 | _aPandey, Neeraj | ||
| 245 |
_aMarketing issues in SMEs : _bcases from india / _cNeeraj Pandey and Gaganpreet Singh |
||
| 260 |
_aNoida : _bPearson, _c2013. |
||
| 300 | _a144 p. ; | ||
| 650 | _aMarketing Case studies | ||
| 650 | _aSmall business Marketing | ||
| 650 | _aSmall and medium enterprises Marketing | ||
| 650 | _aMarketing management | ||
| 650 | _aIndustrial marketing | ||
| 700 | _aSingh, Gaganpreet | ||
| 942 |
_2ddc _cBK |
||
| 999 |
_c21611 _d21611 |
||